Poetical works of Lord Byron / (Record no. 187122)

000 -LEADER
fixed length control field 01291 a2200193 4500
003 - CONTROL NUMBER IDENTIFIER
control field NUST
005 - DATE AND TIME OF LATEST TRANSACTION
control field 20230130141534.0
010 ## - LIBRARY OF CONGRESS CONTROL NUMBER
LC control number 12024756
040 ## - CATALOGING SOURCE
Transcribing agency Nust
082 ## - DEWEY DECIMAL CLASSIFICATION NUMBER
Classification number 920,THE
100 ## - MAIN ENTRY--PERSONAL NAME
Personal name Byron, George Gordon Byron, Baron,
9 (RLIN) 108096
245 ## - TITLE STATEMENT
Title Poetical works of Lord Byron /
Statement of responsibility, etc. Lord Byron
260 ## - PUBLICATION, DISTRIBUTION, ETC.
Place of publication, distribution, etc. New York,
Name of publisher, distributor, etc. The Clover press, inc
Date of publication, distribution, etc. 1912
300 ## - PHYSICAL DESCRIPTION
Extent x, 924 p.;
Other physical details front. (port.)
Dimensions 21 cm
505 ## - FORMATTED CONTENTS NOTE
Formatted contents note Poems, Original and Translated (Page-1), Dear to Him (Page-2), To-E- (Page-3), Founded on Facts (Page-4), Marsus (Page-50, K.T.A. (page-60, To M.S.G (Page-7), To The Same (Page-8), The First Kiss of Love (Page-90, The Marriage of Miss Chaworth (Page-11), Hill (Page-12), The Woman (Page-13), Love's Last Adieu (Page-14), To Marion (Page-150, Oscar of Alva A Tale (Page-16), The Tear (Page-27), La chin y Gair (Page--29), Elegy on New stead Abbey (Page-30), To George, Earl Delawarr (Page-44), On Finding A Fan (Page-49), Well Thou Art Happy (Page-53), Lines in the Tranvellers book Orchomenus (Page-59), Farcical Opera (Page-61), Hebrew Melodies (Page-76), Domestic Pieces 1816 (Page-85), Satires (Page-111), The Deformed Transformed (Page-595).
600 ## - SUBJECT ADDED ENTRY--PERSONAL NAME
Personal name Byron, George Gordon Byron, Baron,
9 (RLIN) 108096
650 ## - SUBJECT ADDED ENTRY--TOPICAL TERM
Topical term or geographic name entry element Life of Byron
9 (RLIN) 108097
942 ## - ADDED ENTRY ELEMENTS (KOHA)
Source of classification or shelving scheme
Koha item type Book
Call number prefix 920,THE
Holdings
Withdrawn status Lost status Source of classification or shelving scheme Damaged status Not for loan Permanent Location Current Location Shelving location Date acquired Full call number Barcode Date last seen Price effective from Koha item type Public note
          Military College of Signals (MCS) Military College of Signals (MCS) General Stacks 12/12/2016 920,THE MCS29966 12/08/2016 12/12/2016 Book Almirah No.59, Shelf No.4
© 2023 Central Library, National University of Sciences and Technology. All Rights Reserved.